N'oublie pas les paroles version rap fr - Statistiques

Statistiques générales
  • Ce quiz a été pris 440 fois
  • Le résultat moyen est 4 sur 14
Statistiques - réponses
Hint Réponse % Correct
Oh baby mince, c'est pour toi qu'j'en pince À midi, j'rêve de billets, à minuit... j'rêve de tes eins-s
79%
Quel métro? Quel métro?... Champs-Élysées, Clemenceau
61%
On peut t'enlever la vie pour sauver nos réputations... Évitons toutes les tentations
30%
Gros avec Dinaz on arrache tout, ils ont la rage tous Téma l'parcours... dans quelques temps on sera partout
26%
Baby girl, j'étais lâche, égoïste et malhonnête Quel enculé j'ai pu être.. tout ça pour des putes du net
26%
Toute ma vie, j'l'ai ramée dans les ténèbres J'me réveille... j'ai cette haine qui me pénètre
23%
Tu regardes devant toi tu vois pas ce qu'il se passe dans son dos. Elle te fait les 400 coups mais... quoi qu'elle fasse t'es accro
23%
Et dans tes soirées y a du monde au balcon... mais je ne parle pas de ton décolleté
21%
On l'a fait dans la voiture... pourtant, j'avais payé la chambre
19%
Chirurgie virtuelle, aucune photo sans modification Montre-nous tes jambes... t'auras plus de 100 notifications
17%
À vrai dire, j'ai eu du mal à démarrer, ce matin Sans ton message... dans lequel tu m'souhaites une bonne journée
15%
Dans la zone, ça fume la fusée... pisté par les banalisées
11%
Faut qu'j'recharge le tartin, j'garde un œil sur les miens et... j'garde les miens très proche de moi
9%
Et qu'avec des meufs cleans, ouais, qu'on veut se marier Fréro, j'ai vu des trucs fous... des trucs qui t'empêchent de dormir
3%
Aucun quiz correspondant
Distribution des résultats
% des personnes avec chaque résultat
Percentile par nombre de réponses
Votre historique - résultats
Vous n’avez pas pris ce quiz